Plopsa Indoor Hasselt Alle Attracties - Statistieken

Algemene statistieken
  • Deze quiz is 15 keer genomen
  • De gemiddelde score is 15 van 24
Antwoordstatistieken
Nr. Antwoord % Correct
1 Carrousel
80%
3 De Botsauto's
80%
6 De Eendjes
80%
8 De K3-Brandweermolen
80%
10 De Kikkers
80%
16 De Vuurtoren
80%
20 Het K3-Verkeerspark
80%
7 De Glijbaan
70%
9 De K3-Zweefmolen
70%
15 De Vliegende Fietsen
70%
22 Het Vlot
70%
24 Wickie Coaster
70%
5 De Dansende Fonteinen
60%
14 De Speelboom
60%
19 Het Ballenbad
60%
2 De Bootjes
50%
4 De Bumbaspeeltuin
50%
11 De Klimberg
50%
13 De Scheve Schuit
50%
23 K3-Disco
50%
12 De Maya-Speeltuin
40%
17 De Waterspeeltuin
40%
18 De Woeste Zee
40%
21 Het Theater
20%
Geen overeenkomende quizzen gevonden
Scoreverdeling
Procent van Mensen met Elke Score
Percentiel versus Aantal Correcte Antwoorden
Uw Scoregeschiedenis
U heeft deze quiz nog niet genomen